000 00668nam a2200217Ii 4500
003 JO-AjNU
008 230606s9999||||xx |||||||||||||| ||und||
020 _a978-0-367-59670-5
040 _aJO-AjNU
_beng
_erda
_cJO-AjNU
041 _aeng
050 1 4 _aPJ6066.H88 2020
100 3 _aHusseinali, Ghassan,
_eauthor
_96194
245 0 0 _aArabic L2Interlanguage:Synactic sequenes,agreement,and variation
250 _a1ed
264 3 1 _aNEW YORK:Routldge,2020
300 _a130p
336 _atext
_btxt
_2rdacontent
337 _aunmediated
_bn
_2rdamedia
338 _avolume
_bnc
_2rdacarrier
650 4 _aArabic language- study and teaching-foreign speakers
_96195
999 _aE3214
_c3210
_d3210